000
00217nam a22000857a 4500
008
170112b xxu||||| |||| 00| 0 eng d
100
_9
2357
_a
Gupta.R.G.etal.
245
_a
Lab Mathematics-VII
260
_a
New Delhi
_b
APC
_c
2008
999
_c
5325
_d
5325